000 00814cam a2200265 4500
001 380986
003 ARRUPE
005 20131125142412.0
008 850822s1966 enk b 001 0 eng
010 _a 66010731
035 _a(OCoLC)1175577
035 _a(OCoLC)ocm01175577
035 _a(CStRLIN)NYCG85-B83224
035 _a(NNC)380986
040 _cNNC
_dNNC
050 0 _aPR851
_b.L822 1966
100 1 _aLodge, David,
_d1935-
_93710
245 1 0 _aLanguage of fiction:
_bessays in criticism and verbal analysis of the English novel.
260 _aLondon,
_bRoutledge & K. Paul;
_aNew York,
_bColumbia U. P.,
_c1966.
300 _axii, 283 p.
_c23 cm.
504 _aBibliography: p. 268-279.
650 0 _aEnglish fiction
_xHistory and criticism.
_93711
942 _2lcc
_cMONOGRAPH
999 _c118650
_d118650